MARC

LEADER 00000nam0a2200000 4500
001 124745
005 20231101215904.0
010 |a 5120012744 
020 |a RU  |b 90-57627 
035 |a (RuTPU)RU\TPU\book\134999 
090 |a 124745 
100 |a 20071107d1990 km a0rusy5003 ca 
101 0 |a rus 
102 |a UA 
105 |a a z 001zy 
200 1 |a Динамика формирования поверхностных структур в системах со свободной границей  |f В. В. Гафийчук, И. А. Лубашевский, В. В. Осипов  |g Академия наук Украинской ССР, Институт прикладных проблем механики и математики 
210 |a Киев  |c Наук. думка  |d 1990 
215 |a 212 с.  |c ил. 
320 |a Список литературы: с. 207-211. 
610 1 |a динамика 
610 1 |a формирование 
610 1 |a поверхностные структуры 
610 1 |a свободные границы 
610 1 |a конформные отображения 
610 1 |a интегральные преобразования 
610 1 |a вариационные принципы 
610 1 |a задача Стефана 
675 |a 536.42  |v 3 
700 1 |a Гафийчук  |b В. В.  |g Василий Васильевич 
701 1 |a Лубашевский  |b И. А.  |g Игорь Алексеевич 
701 1 |a Осипов  |b В. В.  |g Вячеслав Владимирович 
712 0 2 |a Академия наук Украинской ССР  |b Институт прикладных проблем механики и математики  |2 stltpush  |3 (RuTPU)RU\TPU\col\11857  |9 25275 
801 0 |a RU  |b RuMRKP  |c 19950417  |g psbo 
801 1 |a RU  |b 63413507  |c 20071107  |g PSBO 
801 2 |a RU  |b 63413507  |c 20080926  |g PSBO 
942 |c BK